| 000 | 01534nam0a2200361 4500 | ||
|---|---|---|---|
| 001 | RU\NLR\bibl\1804244 | ||
| 005 | 20250616151222.0 | ||
| 010 |
_a978-5-91475-010-4 _9500 |
||
| 021 |
_aRU _b2011-57061 _94043 |
||
| 035 | _a(nilc)RSL-KNO-004979495 | ||
| 035 | _a(NLR Aleph) 001794896 | ||
| 090 |
_a1777480 _c1777480 |
||
| 100 | _a20110725d2011 |||y0rusy50 ca | ||
| 101 | 0 | _arus | |
| 102 | _aRU | ||
| 105 | _aa zzzz||||| | ||
| 200 | 1 |
_aХирургия деформаций позвоночника _fМ. В. Михайловский, Н. Г. Фомичев _gНовосибирский НИИТО Минздравсоцразвития России, Межрегионая общественная орг. "Ассоциация хирургов-вертебрологов" |
|
| 205 | _a2-е изд., испр. и доп. | ||
| 210 |
_aНовосибирск _cRedactio _d2011 |
||
| 215 |
_a588 с. _cил., табл. _d29 |
||
| 320 | _aБиблиогр. в конце гл. | ||
| 606 | 1 |
_aПозвоночник _xДеформации _xХирургическое лечение _92288625 _3RU\NLR\auth\661370772 |
|
| 686 |
_aР458.25-589,0 _2rubbk |
||
| 686 | _aР458.25-59 | ||
| 700 | 1 |
_aМихайловский _bМ. В. _gМихаил Витальевич _4070 |
|
| 701 | 1 |
_aФомичев _bН. Г. _gНиколай Гаврилович _4070 |
|
| 801 | 0 |
_aRU _bRuMoRKP _c20110725 _grcr |
|
| 801 | 1 |
_aRU _bRuMoRGB _c20110725 |
|
| 801 | 2 |
_aRU _bNLR _c20110901 _grcr |
|
| 942 | _cBOOK | ||
| 980 | _aNB | ||
| 980 | _aNBR | ||